Score 0/24 Timer 07:00
0 Plays Today
No. Theme % Correct
Playing card suits (clubs / spades / hearts)
94%
Musical notation (G-clef / fermata / coda)
88.7%
Currency (euro / Chinese yuan or Japanese yen / cent)
77.2%
Monopoly (railroad station / free parking / community chest)
74.3%
Pharmacy (mortar and pestle / bowl of Hygeia / 'prescription')
72.4%
Olympics events (volleyball / shooting / synchronized swimming)
58.7%
Laundry care (hand wash / do not bleach / do not tumble dry)
58.6%
Chemical hazard labels (highly flammable / corrosive / dangerous for the environment)
53.3%
Egyptian hieroglyphics (cobra / river / vulture)
51.6%
Sides of the dreidel (nun / gimel / hei)
49.5%
Circuit diagram symbols (indicator lamp / variable resistor / on-off switch)
48.4%
Braille (O / M / G)
47.8%
No. Theme % Correct
Zodiac signs (Gemini / Leo / Virgo)
47.6%
Star Trek (Klingon Empire / Starfleet / United Federation of Planets)
45.9%
Packaging symbols (this side up / keep dry / handle with care)
27.7%
Weather map symbols (moderate drizzle / moderate or heavy rain showers / heavy thunderstorm)
22.5%
Runic alphabet (F - feoh / S - siȝel / M - man)
17.5%
Led Zeppelin (John Paul Jones / Robert Plant / Jimmy Page)
17.3%
Planets (Jupiter / Earth / Neptune)
14.2%
Magic: The Gathering (green mana / black mana / tap symbol)
13.6%
Alchemical symbols/elements (antimony / lead / platinum)
12.2%
Zener cards (cards used to test for ESP ability)
11.8%
Aum/Om (Jain Aum / Hindu Aum / Sikh Aum)
5.5%
Hobo signs (judge lives here / jail or prison / wealthy folk here)
2.7%
Remove Ads.
Support Sporcle.
Get the best of Sporcle when you Go Orange. This ad-free experience offers more features, more stats, and more fun while also helping to support Sporcle. Thank you for becoming a member.

You're not logged in!

Compare scores with friends on all Sporcle quizzes.
OR
Log In

Show Comments

Extras

Top Quizzes Today


Score Distribution

Your Account Isn't Verified!

In order to create a playlist on Sporcle, you need to verify the email address you used during registration. Go to your Sporcle Settings to finish the process.

Report this User

Report this user for behavior that violates our Community Guidelines.

Details: